000
00306nam a2200145Ia 4500
100
_a
LeBLOND GROUP
942
_c
RB
654
_a
linux
245
_a
Using Linux System V:Release 3
260
_b
McGraw-Hill
_a
New York
_c
1990
082
_a
5.13
_b
LeB
300
_a
490
546
_a
ENGLISH
999
_c
19907
_d
19907